| 000 | 00933nmc a2200313 a 4500 | ||
|---|---|---|---|
| 003 | AR-BaBNM | ||
| 005 | 20251128210007.0 | ||
| 008 | 138119s1998 ||||||||||||||000 | spa|| | ||
| 020 | _a950-518-802-1 | ||
| 040 | _cAR-BaBNM | ||
| 245 | 1 | 0 | _aLa narrativa en la enseñanza, el aprendizaje y la investigación |
| 260 |
_aBuenos Aires _bAmorrortu _c1998 |
||
| 300 | _a318 p. | ||
| 490 | 0 | _aAgenda educativa | |
| 500 | _aContiene información sobre los autores p. 318 | ||
| 504 | _aBibliografía al final de cada capítulo | ||
| 650 | 4 | _aTECNICAS DE ENSEÑANZA | |
| 650 | 4 | _aPROCESO DE APRENDIZAJE | |
| 650 | 4 | _aNARRACION DE CUENTOS | |
| 650 | 4 | _aMETODOS DE ENSEÑANZA | |
| 651 | 4 | _aEstados Unidos | |
| 653 | _aNARRATIVA | ||
| 653 | _aINVESTIGACION EDUCATIVA | ||
| 700 | 1 |
_aMcEwan, Hunter _ecompilador |
|
| 700 | 1 |
_aEgan, Kieran _ecompilador |
|
| 800 | 1 |
_aLitwin, Edith _edirector |
|
| 942 | _cBK | ||
| 998 | _carturo | ||
| 999 |
_c13630 _d13630 |
||